000 00775nam a2200193Ia 4500
003 GCL
008 140319s9999 xx 000 0 ara d
040 _aGCL /
_cGCL
082 0 4 _aم
_b413.1
_bت م
100 1 _aالتهانوى , محمد على بن على
245 1 0 _aموسوعة اصطلاحات العلوم الاسلامية: المعروف بكشاف اصطلاحات الفنون /
_cالتهانوى , محمد على بن على
260 _a[S.N] :
_bخياط
490 _aمكتبة الدراسات الفلسفية
_v0
650 0 4 _aدوائر المعارف
650 0 4 _aالحضارة العربية الاسلامية - المعارف البحرية
650 0 4 _aالاسلام
650 0 4 _aالعلوم عند العرب
942 _2ddc
_cREF
999 _c59355
_d59355